000 01605camaa22004091i 4500
001 202167
003 EG-GICUC
005 20260513151620.0
008 990311s1999 caua jr 001 0 eng d
020 _a0782127002
020 _a9780782127003
035 _a(DLC) 99061816
040 _aOCoLC-P
_cOCoLC-P
_dDLC
_dEG-GICUC
_beng
_erda
082 0 0 _a005.13/3
_221
_bR5442
092 0 4 _221
_a005.13/3
_bR5442
099 _a005.13/3 R5442
100 1 _aRoberts, Simon.
_eمؤلف.
245 1 0 _aComplete Java 2 certification study guide /
_cSimon Roberts, Philip Heller, Michael Ernest.
264 _aSan Francisco :
_bSybex,
_cc1999.
300 _axxvi, 885 p. :
_billustration . ;
_c24 cm. +
_e1 computer laser optical disc (4 3/4 in.)
336 _atext
_btxt
_2rdacontent
337 _aunmediated
_bn
_2rdamedia
338 _avolume
_bnc
_2rdacarrier
500 _aIncludes index.
500 _aCD-ROM includes a test engine and Java 2 SDK, version 1.2.
504 _aBibliography: pages 548-885.
538 _aSystem requirements: Windows 95, Windows 98, Windows NT Workstation 4, or Unix.
541 _aوزارة الثقافة ؛
_bالقاهرة ؛
_cإهداء ؛
_d2023.
650 0 _aElectronic data processing personnel
_xCertification.
650 0 _aMicrosoft software
_xExaminations
_vStudy guides.
650 0 _aJava (Computer program language)
700 1 _aHeller, Philip.
_eReviewer.
700 1 _aErnest, Michael.
_eReviewer.
856 4 2 _3Publisher description
_uhttp://www.loc.gov/catdir/enhancements/fy0602/99061816-d.html
905 _aSamah
942 _2ddc
_cBK
_e21
_n0
999 _c180134
_d180134